Historia clínica. (Registro nro. 485)
[ vista simple ]
| 000 -LEADER | |
|---|---|
| fixed length control field | 01263cam a2200373 a 4500 |
| 005 - FECHA ULTIMA MODIFICACION | |
| control field | 20240614134413.0 |
| 008 - CAMPO DE CONTROL (LIBRO) | |
| fixed length control field | 100706s2003||||mx a | |||| 00| 0 spa d |
| 020 ## - INTERNATIONAL STANDARD BOOK NUMBER | |
| ISBN | 9687988460 |
| 041 ## - CODIGO DE IDIOMA | |
| Código de idioma del texto/pista de sonido o título separado | spa |
| 092 ## - SIGNATURA TOPOGRAFICA DEWEY LOCAL | |
| número de clasificación | 616.091 |
| libristica | 11 |
| sección | CER |
| 100 1# - ENTRADA PRINCIPAL--NOMBRE PERSONAL | |
| Nombre personal | Cerecedo Cortina, Vicente B. |
| 9 (RLIN) | 973 |
| 245 ## - TITULO PROPIAMENTE DICHO | |
| Título | Historia clínica. |
| Subtítulo y Título paralelo | Metodología didáctica / |
| Mención de responsabilidad y remanente de la transcripción de la portada | Vicente B. Cerecedo Cortina. |
| 250 ## - MENCION DE EDICION | |
| Mención de edición | 1a ed. |
| 260 ## - PIE DE IMPRENTA | |
| Lugar de publicación, distribución, etc | México: |
| Nombre de la editorial, distribuidor, etc | Editorial Médica Panamericana; |
| Fecha de publicación | 2003. |
| 300 ## - DESCRIPCION FISICA | |
| Extension | 338 p. |
| 500 ## - NOTA GENERAL | |
| Nota general | Cerecedo Cortina, V. B., Ariza Herrera, D. y Ricalde N. R. (2003). Historia clínica. Metodología didáctica. (1a ed.). México : Editorial Médica Panamericana. |
| 653 ## - TÉRMINO INDIZADO - PALABRAS CLAVES | |
| Palabra clave | Relación médico-paciente |
| 653 ## - TÉRMINO INDIZADO - PALABRAS CLAVES | |
| Palabra clave | Historia clínica |
| 653 ## - TÉRMINO INDIZADO - PALABRAS CLAVES | |
| Palabra clave | Interrogatorio |
| 653 ## - TÉRMINO INDIZADO - PALABRAS CLAVES | |
| Palabra clave | Exploración física. Generalidades |
| 653 ## - TÉRMINO INDIZADO - PALABRAS CLAVES | |
| Palabra clave | Exploración física por regiones |
| 653 ## - TÉRMINO INDIZADO - PALABRAS CLAVES | |
| Palabra clave | Lista de problemas |
| 653 ## - TÉRMINO INDIZADO - PALABRAS CLAVES | |
| Palabra clave | Listas de cotejo |
| 653 ## - TÉRMINO INDIZADO - PALABRAS CLAVES | |
| Palabra clave | Integración de diagnósticos |
| 653 ## - TÉRMINO INDIZADO - PALABRAS CLAVES | |
| Palabra clave | Addendum 1: electrocardiograma |
| 653 ## - TÉRMINO INDIZADO - PALABRAS CLAVES | |
| Palabra clave | Addendum 2: exploración física |
| 700 1# - ENTRADAS SECUNDARIAS - NOMBRE PERSONAL | |
| Nombre personal | Ariza Herrera, Daniel. |
| 9 (RLIN) | 974 |
| 700 1# - ENTRADAS SECUNDARIAS - NOMBRE PERSONAL | |
| Nombre personal | Ricalde N., Rúben. |
| 9 (RLIN) | 975 |
| 930 ## - NUMERO DE INVENTARIO | |
| Número de inventario | 1169 |
| 930 ## - NUMERO DE INVENTARIO | |
| Número de inventario | 1170 |
| 930 ## - NUMERO DE INVENTARIO | |
| Número de inventario | 1305 |
| 930 ## - NUMERO DE INVENTARIO | |
| Número de inventario | 1306 |
| 942 ## - ADDED ENTRY ELEMENTS (KOHA) | |
| Source of classification or shelving scheme | Dewey Decimal Classification |
| Item type | Libros |
| Estado de retiro | Existencia | Fuente de clasificación | Estado general | No para prestamo | Colección | Ubicación permanente | ubicación actual | Sala de ubicación | Fecha de adquisición | Total Checkouts | Número de clasificación | Código de barras | Date last seen | Date last borrowed | Número de ejemplar | Price effective from | Koha tipo de elemento (item) | Public note | Total Renewals |
|---|---|---|---|---|---|---|---|---|---|---|---|---|---|---|---|---|---|---|---|
| Dewey Decimal Classification | Reference | Biblioteca Medicina | Biblioteca Medicina | Referencia | 13/05/2011 | 1 | 616.091 11 CER | 1169 | 26/03/2018 | 23/03/2018 | ej.1 | 13/05/2011 | Reference | LIBRO DE CONSULTA | |||||
| Dewey Decimal Classification | Biblioteca Medicina | Biblioteca Medicina | Circulación | 13/05/2011 | 14 | 616.091 11 CER | 1170 | 16/04/2018 | 16/04/2018 | ej.2 | 13/05/2011 | Libros | |||||||
| Biblioteca Medicina | Biblioteca Medicina | Circulación | 13/05/2011 | 10 | 616.091 11 CER | 1305 | 27/03/2019 | 25/03/2019 | ej.3 | 13/05/2011 | Libros | ||||||||
| Biblioteca Medicina | Biblioteca Medicina | Circulación | 13/05/2011 | 5 | 616.091 11 CER | 1306 | 14/03/2025 | 11/03/2025 | ej.4 | 13/05/2011 | Libros | 1 |